Kapitoly z najstarších českých dejín 531-1004

Bibliographic Details
Main Author: Steinhübel, Ján, 1957- (Author)
Format: Book
Language:Slovak
PhysicalDescription:192 s. 22 cm
Published: Kraków Spolok Slovákov v Poľsku 2011
ISBN:9788374903707
Subjects:

MARC

LEADER 00000cam a2200000 a 4500
001 vtls010266675
003 SK-MaSNL
005 20260301131810.0
008 240318s2011 pl n 000 0 slo
015 |a SNBZSA2011-00544 
020 |a 9788374903707  |q (viaz.) 
035 |a 7CDF929D-2BA0-4BEB-A760-1B083482BA49 
035 |a urn:nbn:sk:snk-amjhdl 
035 |a urn:nbn:sk:snk-am001xzs 
040 |a SNK  |b slo  |c SNK  |e AACR2 
041 0 |a slo 
043 |a e-xr---  |a e-xo--- 
044 |a pl  |c PL 
072 7 |a 94(437)  |x Dejiny Česka a Slovenska  |2 konspekt 
080 |a 94(437.3)  |x "531/1004"  |2 2001 
080 |a (048.8)  |2 2001 
080 |a (=162.3)  |2 2001 
100 1 |a Steinhübel, Ján,  |d 1957-  |4 aut  |9 259905 
245 1 0 |a Kapitoly z najstarších českých dejín  |b 531-1004  |c Ján Steinhübel 
260 |a Kraków  |b Spolok Slovákov v Poľsku  |c 2011 
300 |a 192 s.  |c 22 cm 
500 |a "Publikácia vznikla v Historickom ústave SAV v rámci Centra excelentnosti "Staré Slovensko: dejiny Slovenska od praveku po vrcholný stredovek 
504 |a Bibliogr. s. 163-192. Bibliogr. odkazy 
648 7 |a 531-1004  |2 SVKBBPH  |9 416820 
650 0 7 |a Česi  |2 SNKPH  |9 24818 
651 7 |a Česko  |x dejiny  |2 SNKPH  |9 58420 
651 7 |a Czech Republic  |x history  |2 SVKBBPHeng  |9 313106 
651 7 |a Veľká Morava  |x dejiny  |2 snkph  |9 14337 
655 7 |a štúdie  |2 snkph  |9 57033 
852 |a Štátna vedecká knižnica v Banskej Bystrici 
919 |a 978-83-7490-370-7 
958 |a OND 
958 |a ZS 
958 |a CZ 
958 |a PL 
958 |a NB 
999 |c 749187  |d 751117 
952 |a SNK  |b SNK  |y PREZ  |7 0  |p 17A0701728  |o snkSC 145198  |i snk2011/9941  |8 2  |g 8.96  |0 0  |1 0  |4 0  |d 2011-04-19  |l 0  |r 2025-07-14 00:00:00  |w 2026-02-23 
952 |a SNK  |b SNK  |y VYP  |7 0  |p 17A0701727  |o snkSC 145198 D1  |i snk2011/9942  |8 2  |g 8.96  |0 0  |1 0  |4 0  |d 2011-04-19  |f 1  |l 0  |r 2026-02-23 23:26:51  |w 2026-02-23